Catalog

Record Details

Catalog Search



The Rooster Bar  Cover Image Large Print Book Large Print Book

The Rooster Bar / John Grisham.

Grisham, John, (author.).

Summary:

Mark, Todd, and Zola came to law school to change the world, to make it a better place. But now, as third-year students, these close friends realize they have been duped. They all borrowed heavily to attend a third-tier, for-profit law school so mediocre that its graduates rarely pass the bar exam, let alone get good jobs. And when they learn that their school is one of a chain owned by a shady New York hedge-fund operator who also happens to own a bank specializing in student loans, the three know they have been caught up in The Great Law School Scam. But maybe there's a way out. Maybe there's a way to escape their crushing debt, expose the bank and the scam, and make a few bucks in the process. But to do so, they would first have to quit school. And leaving law school a few short months before graduation would be completely crazy, right? Well, yes and no.

Record details

  • ISBN: 9780399565199
  • ISBN: 0399565191
  • Physical Description: 468 pages (large print) ; 24 cm.
  • Edition: First large print edition.
  • Publisher: [New York] : Random House Large Print, ©2017.
Subject: For-profit universities and colleges > Corrupt practices > Fiction.
Law students > Fiction.
Student loans > Fiction.
Law schools > Corrupt practices > Fiction.
Genre: Large type books.
Legal stories.
Suspense fiction.
Thrillers (Fiction)
Legal fiction (Literature)

Available copies

  • 1 of 1 copy available at scottsboropl.

Holds

  • 0 current holds with 1 total copy.
Show Only Available Copies
Location Call Number / Copy Notes Barcode Shelving Location Status Due Date
scottsboropl F Gri 32269001030165 Adult - Fiction Available -

LDR 02244nam a2200397Ii 4500
001144839
003CONS
00520171117075506.0
008170210r20172017nyu d 000 1 eng d
020 . ‡a9780399565199 ‡q(large print : ‡qsoftcover)
020 . ‡a0399565191 ‡q(large print : ‡qsoftcover)
035 . ‡a(CPomAG)LMN602535
05014. ‡aPS3557.R5355 ‡bR66 2017b
08204. ‡a813/.6 ‡223
1001 . ‡aGrisham, John, ‡eauthor.
24514. ‡aThe Rooster Bar / ‡cJohn Grisham.
250 . ‡aFirst large print edition.
264 1. ‡a[New York] : ‡bRandom House Large Print, ‡c©2017.
300 . ‡a468 pages (large print) ; ‡c24 cm.
336 . ‡atext ‡btxt ‡2rdacontent
337 . ‡aunmediated ‡bn ‡2rdamedia
338 . ‡avolume ‡bnc ‡2rdacarrier
340 . ‡nlarge print ‡2rda
520 . ‡aMark, Todd, and Zola came to law school to change the world, to make it a better place. But now, as third-year students, these close friends realize they have been duped. They all borrowed heavily to attend a third-tier, for-profit law school so mediocre that its graduates rarely pass the bar exam, let alone get good jobs. And when they learn that their school is one of a chain owned by a shady New York hedge-fund operator who also happens to own a bank specializing in student loans, the three know they have been caught up in The Great Law School Scam. But maybe there's a way out. Maybe there's a way to escape their crushing debt, expose the bank and the scam, and make a few bucks in the process. But to do so, they would first have to quit school. And leaving law school a few short months before graduation would be completely crazy, right? Well, yes and no.
650 0. ‡aFor-profit universities and colleges ‡xCorrupt practices ‡vFiction.
650 0. ‡aLaw students ‡vFiction.
650 0. ‡aStudent loans ‡vFiction.
650 0. ‡aLaw schools ‡xCorrupt practices ‡vFiction.
655 0. ‡aLarge type books.
655 7. ‡aLegal stories. ‡2gsafd
655 7. ‡aSuspense fiction. ‡2gsafd
655 7. ‡aThrillers (Fiction) ‡2lcgft
655 7. ‡aLegal fiction (Literature) ‡2lcgft
914 . ‡aSCP_kt
959 . ‡i32269001030165 ‡lF Gri ‡aAdult - Fiction ‡tFiction ‡g31.00
852 . ‡p32269001030165 ‡jF Gri ‡gAdult - Fiction ‡cFiction ‡y31.00 ‡bSBPL
901 . ‡a144839 ‡bUnknown ‡c144839 ‡tbiblio

Additional Resources